[Event "Copenhagen Unibank"]
[Site "Copenhagen"]
[Date "1991.08.03"]
[Round "8"]
[White "Asanov, Bolat"]
[Black "Borge, Nikolaj"]
[Result "1-0"]
[WhiteElo "2400"]
[BlackElo "2285"]
[PlyCount "59"]
[EventDate "1991.07.??"]
[EventType "swiss"]
[EventRounds "9"]
[EventCountry "DEN"]

1. Nf3 f5 2. g3 Nf6 3. Bg2 d6 4. O-O g6 5. d3 Bg7 6. Nc3 O-O 7. e4 Nc6 8. exf5 Bxf5 9. d4 Nb4 10. Ne1 c6 11. Qe2 Qd7 12. Bg5 Kh8 13. a3 Nbd5 14. Nd3 Bh3 15. Bxf6 Nxf6 16. Bxh3 Qxh3 17. Nf4 Qf5 18. Qxe7 Rfe8 19. Qxb7 g5 20. Nd3 Qh3 21. Qxc6 d5 22. Ne5 Rac8 23. Qa6 Rc4 24. Nxd5 Rxe5 25. Nxf6 Rxd4 26. Rad1 Rxd1 27. Rxd1 Bf8 28. Nd7 Re6 29. Qc8 Rf6 30. Qc3 1-0

[Event "Copenhagen Unibank"]
[Site "Copenhagen"]
[Date "1991.07.28"]
[Round "2"]
[White "Bang, Andreas"]
[Black "Dobronauteanu, Ion Serban"]
[Result "1-0"]
[WhiteElo "2285"]
[BlackElo "2220"]
[PlyCount "81"]
[EventDate "1991.07.??"]
[EventType "swiss"]
[EventRounds "9"]
[EventCountry "DEN"]

1. Nf3 Nf6 2. c4 d6 3. d4 g6 4. Nc3 Bg7 5. e4 O-O 6. Be2 c5 7. O-O cxd4 8. Nxd4 Nc6 9. Be3 Bd7 10. Rc1 Nxd4 11. Bxd4 Bc6 12. Qd3 Nd7 13. b4 b6 14. Rfd1 Bh6 15. Be3 Bxe3 16. Qxe3 Qc7 17. Nd5 Bxd5 18. cxd5 Qb7 19. Bb5 Rac8 20. Bc6 Qc7 21. Rc3 Ne5 22. Rdc1 Qb8 23. f4 Nxc6 24. Rxc6 b5 25. Qa3 Qb7 26. Qa5 Rfe8 27. Rc7 Rxc7 28. Rxc7 Qb6+ 29. Qxb6 axb6 30. Rb7 Kg7 31. Kf2 Ra8 32. Rxe7 Rxa2+ 33. Kf3 Ra3+ 34. Kg4 Rb3 35. e5 Rxb4 36. e6 Rd4 37. Rxf7+ Kg8 38. Rd7 Kf8 39. Rxd6 b4 40. Kg5 b5 41. f5 1-0

[Event "Copenhagen Unibank"]
[Site "Copenhagen"]
[Date "1991.08.01"]
[Round "6"]
[White "Bang, Andreas"]
[Black "Jorgensen, Brian"]
[Result "1-0"]
[WhiteElo "2285"]
[BlackElo "2240"]
[PlyCount "31"]
[EventDate "1991.07.??"]
[EventType "swiss"]
[EventRounds "9"]
[EventCountry "DEN"]

1. Nf3 c5 2. c4 Nc6 3. d4 cxd4 4. Nxd4 g6 5. e4 Bg7 6. Be3 d6 7. Nc3 Nf6 8. Be2 O-O 9. O-O a6 10. f4 Bd7 11. Bf3 Rc8 12. Nb3 Qc7 13. c5 dxc5 14. e5 Ne8 15. Nd5 Qb8 16. Nb6 1-0

[Event "Copenhagen Unibank"]
[Site "Copenhagen"]
[Date "1991.08.03"]
[Round "8"]
[White "Bang, Andreas"]
[Black "Hoiberg, Nina"]
[Result "1/2-1/2"]
[WhiteElo "2285"]
[BlackElo "2275"]
[PlyCount "68"]
[EventDate "1991.07.??"]
[EventType "swiss"]
[EventRounds "9"]
[EventCountry "DEN"]

1. Nf3 d6 2. d4 f5 3. g3 g6 4. Bg2 Nf6 5. O-O Bg7 6. c4 O-O 7. Nc3 c6 8. d5 e5 9. dxe6 Bxe6 10. b3 Na6 11. Bb2 Nc5 12. Qc2 Qe7 13. Rad1 Rad8 14. Rfe1 Rfe8 15. Ng5 a5 16. Nxe6 Qxe6 17. a3 Rd7 18. b4 axb4 19. axb4 Nce4 20. Nxe4 Nxe4 21. Bxg7 Kxg7 22. Rd4 d5 23. Bxe4 fxe4 24. cxd5 cxd5 25. Red1 Rf8 26. e3 h5 27. Qc5 Rfd8 28. h4 g5 29. hxg5 h4 30. gxh4 Qg4+ 31. Kf1 Qxh4 32. Rxd5 Qh1+ 33. Ke2 Qf3+ 34. Kf1 Qh1+ 1/2-1/2

[Event "Copenhagen Unibank"]
[Site "Copenhagen"]
[Date "1991.07.27"]
[Round "1"]
[White "Barbero, Gerardo F"]
[Black "Sorensen, Torben N"]
[Result "1/2-1/2"]
[WhiteElo "2485"]
[BlackElo "2280"]
[PlyCount "21"]
[EventDate "1991.07.??"]
[EventType "swiss"]
[EventRounds "9"]
[EventCountry "DEN"]

1. Nf3 c5 2. c4 Nf6 3. g3 Nc6 4. Bg2 g6 5. b3 Bg7 6. Bb2 O-O 7. O-O d6 8. d4 cxd4 9. Nxd4 Nxd4 10. Qxd4 Qa5 11. Qh4 1/2-1/2

[Event "Copenhagen Unibank"]
[Site "Copenhagen"]
[Date "1991.07.31"]
[Round "5"]
[White "Barbero, Gerardo F"]
[Black "Luther, Thomas"]
[Result "1-0"]
[WhiteElo "2485"]
[BlackElo "2495"]
[PlyCount "87"]
[EventDate "1991.07.??"]
[EventType "swiss"]
[EventRounds "9"]
[EventCountry "DEN"]

1. Nf3 Nf6 2. c4 e6 3. g3 d5 4. Bg2 dxc4 5. Qa4+ Nbd7 6. Qxc4 c5 7. Qb3 Rb8 8. d3 Bd6 9. Nc3 a6 10. Ng5 b6 11. Nge4 Bc7 12. O-O O-O 13. Rd1 Bb7 14. d4 cxd4 15. Rxd4 Be5 16. Nxf6+ Bxf6 17. Rd1 Bxg2 18. Kxg2 Qc8 19. Ne4 Be5 20. Qf3 Qb7 21. Bf4 Bxf4 22. gxf4 Rfc8 23. Nd6 Qxf3+ 24. Kxf3 Rc2 25. Rac1 Rxc1 26. Rxc1 Nf6 27. Rc7 Nd5 28. Ra7 a5 29. e4 Nb4 30. Nxf7 h6 31. Ne5 Nxa2 32. Nd7 Rd8 33. Nxb6 Rd3+ 34. Kg2 Nc1 35. Nd7 Rb3 36. Ra8+ Kf7 37. Ne5+ Ke7 38. Rxa5 Ne2 39. Ra7+ Kf8 40. Ng6+ Kg8 41. h4 h5 42. Ra8+ Kf7 43. f5 exf5 44. exf5 1-0

[Event "Copenhagen Unibank"]
[Site "Copenhagen"]
[Date "1991.07.29"]
[Round "3"]
[White "Barbero, Gerardo F"]
[Black "Schandorff, Lars"]
[Result "1-0"]
[WhiteElo "2485"]
[BlackElo "2425"]
[PlyCount "107"]
[EventDate "1991.07.??"]
[EventType "swiss"]
[EventRounds "9"]
[EventCountry "DEN"]

1. d4 Nf6 2. c4 g6 3. Nc3 Bg7 4. e4 d6 5. f3 c6 6. Be3 O-O 7. Qd2 e5 8. Nge2 Nbd7 9. O-O-O a6 10. Kb1 Re8 11. Nc1 b5 12. dxe5 dxe5 13. Nb3 Bb7 14. Qf2 Qc7 15. Be2 Nh5 16. g3 Rad8 17. Rc1 b4 18. Na4 f5 19. c5 Ndf6 20. Qg2 Bc8 21. Bc4+ Kh8 22. Nb6 fxe4 23. fxe4 Ng4 24. Bg5 Bh6 25. Bxd8 Rxd8 26. Nxc8 Qxc8 27. Qe2 Bxc1 28. Bxa6 Qd7 29. Rxc1 Ngf6 30. Re1 Qa7 31. Bc4 Ra8 32. Kc2 Qe7 33. Qd2 Rxa2 34. Qxb4 Ra8 35. Qb6 Qe8 36. Qc7 Rd8 37. Qf7 Qxf7 38. Bxf7 Kg7 39. Bc4 Ra8 40. Nc1 Ra1 41. Re2 Ra8 42. b4 Kh6 43. Nd3 Re8 44. Kc3 Ng7 45. Bb3 Kg5 46. Ba4 Re6 47. Nf2 Nfe8 48. Rd2 h5 49. h4+ Kf6 50. Nh3 Ke7 51. Ng5 Rf6 52. b5 Ne6 53. Nxe6 Kxe6 54. b6 1-0

[Event "Copenhagen Unibank"]
[Site "Copenhagen"]
[Date "1991.08.04"]
[Round "9"]
[White "Barbero, Gerardo F"]
[Black "Schmidt, Wlodzimierz"]
[Result "1/2-1/2"]
[WhiteElo "2485"]
[BlackElo "2460"]
[PlyCount "33"]
[EventDate "1991.07.??"]
[EventType "swiss"]
[EventRounds "9"]
[EventCountry "DEN"]

1. Nf3 Nf6 2. c4 g6 3. Nc3 Bg7 4. e4 d6 5. d4 O-O 6. Be3 e5 7. dxe5 dxe5 8. Qxd8 Rxd8 9. Nd5 Rd7 10. Nxf6+ Bxf6 11. c5 Rd8 12. Bc4 Nc6 13. O-O Na5 14. Be2 Be6 15. Rfc1 Nc6 16. Ng5 Bd7 17. Bc4 1/2-1/2

[Event "Copenhagen Unibank"]
[Site "Copenhagen"]
[Date "1991.08.02"]
[Round "7"]
[White "Barbero, Gerardo F"]
[Black "Vogt, Lothar"]
[Result "1/2-1/2"]
[WhiteElo "2485"]
[BlackElo "2510"]
[PlyCount "27"]
[EventDate "1991.07.??"]
[EventType "swiss"]
[EventRounds "9"]
[EventCountry "DEN"]

1. d4 Nf6 2. c4 g6 3. Nc3 Bg7 4. e4 d6 5. Be2 O-O 6. Nf3 e5 7. O-O Nc6 8. Be3 Ng4 9. Bg5 f6 10. Bc1 Nh6 11. dxe5 dxe5 12. Qd5+ Nf7 13. Be3 Bg4 14. Rfd1 1/2-1/2

[Event "Copenhagen Unibank"]
[Site "Copenhagen"]
[Date "1991.08.02"]
[Round "7"]
[White "Bogo, Soren"]
[Black "Jorgensen, Brian Jorgen"]
[Result "1/2-1/2"]
[WhiteElo "2255"]
[BlackElo "2270"]
[PlyCount "114"]
[EventDate "1991.07.??"]
[EventType "swiss"]
[EventRounds "9"]
[EventCountry "DEN"]

1. c4 Nf6 2. Nc3 g6 3. g3 Bg7 4. Bg2 O-O 5. d4 d6 6. Nf3 Nbd7 7. O-O e5 8. h3 c6 9. e4 h6 10. Be3 Kh8 11. dxe5 dxe5 12. c5 Qe7 13. Rc1 Re8 14. b4 Nh5 15. Nd2 Nf8 16. Nc4 Be6 17. Nd6 Red8 18. Qe2 Nh7 19. Kh2 b5 20. Rfd1 N7f6 21. Rd2 Ne8 22. Rcd1 Nxd6 23. Rxd6 Rxd6 24. Rxd6 Rc8 25. a4 a6 26. Nd5 Qb7 27. Nb6 Re8 28. Qd2 Kh7 29. axb5 axb5 30. Rd8 Rxd8 31. Qxd8 Nf6 32. f4 Nd7 33. f5 Nxb6 34. fxe6 Nc4 35. e7 Bf6 36. e8=Q Bxd8 37. Bxh6 Bf6 38. Bc1 Kg7 39. g4 g5 40. h4 gxh4 41. g5 Be7 42. Bh3 Qa7 43. Qxc6 Qa2+ 44. Bg2 Qf2 45. Qh6+ Kg8 46. g6 Qg3+ 47. Kg1 fxg6 48. c6 Bxb4 49. c7 Bc5+ 50. Kh1 Qe1+ 51. Kh2 Bg1+ 52. Kh1 Bb6+ 53. Kh2 Qg3+ 54. Kh1 Bxc7 55. Bg5 Qe1+ 56. Kh2 Qg3+ 57. Kh1 Qe1+ 1/2-1/2

[Event "Copenhagen Unibank"]
[Site "Copenhagen"]
[Date "1991.08.04"]
[Round "9"]
[White "Bogo, Soren"]
[Black "Kubien, Jerzy"]
[Result "0-1"]
[WhiteElo "2255"]
[BlackElo "2260"]
[PlyCount "78"]
[EventDate "1991.07.??"]
[EventType "swiss"]
[EventRounds "9"]
[EventCountry "DEN"]

1. c4 e5 2. Nc3 Nf6 3. Nf3 d6 4. g3 g6 5. Bg2 Bg7 6. O-O O-O 7. d3 Re8 8. Nd2 Nc6 9. Rb1 a5 10. a3 Bg4 11. h3 Bd7 12. b4 axb4 13. axb4 Qc8 14. Kh2 Nd4 15. Nb3 Bc6 16. b5 Bxg2 17. Kxg2 Qe6 18. e3 Nxb3 19. Qxb3 e4 20. d4 Qf5 21. Nd5 Nxd5 22. cxd5 b6 23. Bd2 h5 24. f4 exf3+ 25. Rxf3 Qe4 26. Rbf1 f5 27. Rc1 Re7 28. Qc2 Qxd5 29. Qc4 Qxc4 30. Rxc4 Ra2 31. Rf2 Rb2 32. Bb4 Rb1 33. Re2 Kf7 34. Kf2 d5 35. Bxe7 dxc4 36. Bd8 c3 37. Bxc7 Rxb5 38. Bd6 Ke6 39. Ba3 Kd5 0-1

[Event "Copenhagen Unibank"]
[Site "Copenhagen"]
[Date "1991.07.27"]
[Round "1"]
[White "Bogo, Soren"]
[Black "Schandorff, Lars"]
[Result "0-1"]
[WhiteElo "2255"]
[BlackElo "2425"]
[PlyCount "60"]
[EventDate "1991.07.??"]
[EventType "swiss"]
[EventRounds "9"]
[EventCountry "DEN"]

1. c4 g6 2. Nc3 Bg7 3. g3 Nf6 4. Bg2 O-O 5. d4 d6 6. Nf3 Nbd7 7. O-O e5 8. h3 c6 9. e4 Qb6 10. Re1 Re8 11. Na4 Qc7 12. c5 dxc5 13. dxe5 Nxe5 14. Nxe5 Qxe5 15. Bf4 Qh5 16. g4 Nxg4 17. hxg4 Bxg4 18. Qc2 b6 19. Nc3 Rad8 20. Ne2 Qh4 21. Bg3 Qg5 22. Rad1 Qf6 23. b3 g5 24. Rxd8 Rxd8 25. Rd1 Rxd1+ 26. Qxd1 Qe7 27. f3 Be6 28. Bd6 Qd8 29. f4 gxf4 30. Nxf4 Bd4+ 0-1

[Event "Copenhagen Unibank"]
[Site "Copenhagen"]
[Date "1991.07.29"]
[Round "3"]
[White "Bogo, Soren"]
[Black "Suba, Mihai"]
[Result "0-1"]
[WhiteElo "2255"]
[BlackElo "2520"]
[PlyCount "52"]
[EventDate "1991.07.??"]
[EventType "swiss"]
[EventRounds "9"]
[EventCountry "DEN"]

1. c4 Nf6 2. Nc3 c5 3. Nf3 e6 4. g3 b6 5. Bg2 Bb7 6. O-O a6 7. d4 cxd4 8. Qxd4 d6 9. Rd1 Nbd7 10. Ne1 Qc7 11. b3 Be7 12. Bb2 O-O 13. Rac1 Rfd8 14. Qf4 Bxg2 15. Nxg2 Qb7 16. e4 b5 17. cxb5 axb5 18. b4 Ne5 19. f3 Nc4 20. Rc2 Nd7 21. Qc1 Nde5 22. Kf2 Qb6+ 23. Ke2 Rdc8 24. h3 Nxb2 25. Qxb2 Bf6 26. Ne3 Qxe3+ 0-1

[Event "Copenhagen Unibank"]
[Site "Copenhagen"]
[Date "1991.08.01"]
[Round "6"]
[White "Borge, Nikolaj"]
[Black "Fedder, Steen"]
[Result "1/2-1/2"]
[WhiteElo "2285"]
[BlackElo "2400"]
[PlyCount "31"]
[EventDate "1991.07.??"]
[EventType "swiss"]
[EventRounds "9"]
[EventCountry "DEN"]

1. e4 c5 2. Nf3 e6 3. d4 cxd4 4. Nxd4 Nc6 5. Nb5 d6 6. c4 Nf6 7. N1c3 a6 8. Na3 d5 9. cxd5 exd5 10. exd5 Nb4 11. Bg5 Nbxd5 12. Nxd5 Qxd5 13. Qxd5 Nxd5 14. O-O-O Be6 15. Bc4 Nc7 16. Bxe6 1/2-1/2

[Event "Copenhagen Unibank"]
[Site "Copenhagen"]
[Date "1991.07.29"]
[Round "3"]
[White "Borge, Nikolaj"]
[Black "Schmidt, Wlodzimierz"]
[Result "0-1"]
[WhiteElo "2285"]
[BlackElo "2460"]
[PlyCount "75"]
[EventDate "1991.07.??"]
[EventType "swiss"]
[EventRounds "9"]
[EventCountry "DEN"]

1. e4 e6 2. d4 d5 3. e5 c5 4. c3 Nc6 5. Nf3 Qb6 6. a3 Bd7 7. b4 cxd4 8. cxd4 Rc8 9. Bb2 Na5 10. Nbd2 Nc4 11. Nxc4 dxc4 12. Rc1 a5 13. Bxc4 Bxb4+ 14. axb4 Qxb4+ 15. Nd2 Qxb2 16. Ne4 Qb4+ 17. Ke2 Rxc4 18. Nd6+ Ke7 19. Rxc4 Bb5 20. Qd3 Bxc4 21. Nxc4 b5 22. Nb6 Qb2+ 23. Kf3 Nh6 24. Rb1 Qa2 25. Qxb5 Rd8 26. Qc5+ Ke8 27. Qc6+ Kf8 28. Qc7 Qa3+ 29. Ke4 Qe7 30. Qxe7+ Kxe7 31. Ra1 Ng4 32. f3 f5+ 33. exf6+ Nxf6+ 34. Kd3 e5 35. Rxa5 Rxd4+ 36. Ke3 Ke6 37. Ra6 Rd6 38. Na8 0-1

[Event "Copenhagen Unibank"]
[Site "Copenhagen"]
[Date "1991.07.27"]
[Round "1"]
[White "Borge, Nikolaj"]
[Black "Luther, Thomas"]
[Result "0-1"]
[WhiteElo "2285"]
[BlackElo "2495"]
[PlyCount "68"]
[EventDate "1991.07.??"]
[EventType "swiss"]
[EventRounds "9"]
[EventCountry "DEN"]

1. e4 e6 2. d4 d5 3. e5 c5 4. c3 Nc6 5. Nf3 Bd7 6. Be2 Nh6 7. Na3 cxd4 8. cxd4 Bb4+ 9. Bd2 Bxa3 10. bxa3 Nf5 11. O-O Nfxd4 12. Nxd4 Nxd4 13. Bd3 Bb5 14. Bxb5+ Nxb5 15. Qg4 Qd7 16. Rfc1 O-O 17. a4 Nc7 18. Rab1 b6 19. a5 Rfb8 20. Rb3 Ne8 21. Rcb1 Qc7 22. Qb4 Rc8 23. axb6 axb6 24. Rc3 Qxe5 25. Rxc8 Rxc8 26. Qxb6 h5 27. a4 Nf6 28. a5 Ng4 29. g3 Qe2 30. Bf4 Rc2 31. Rf1 Nxh2 32. Kxh2 Qxf1 33. Be3 Re2 34. a6 Re1 0-1

[Event "Copenhagen Unibank"]
[Site "Copenhagen"]
[Date "1991.07.31"]
[Round "5"]
[White "Borge, Nikolaj"]
[Black "Jakobsen, Ole"]
[Result "1/2-1/2"]
[WhiteElo "2285"]
[BlackElo "2365"]
[PlyCount "41"]
[EventDate "1991.07.??"]
[EventType "swiss"]
[EventRounds "9"]
[EventCountry "DEN"]

1. e4 c5 2. Nf3 Nc6 3. d4 cxd4 4. Nxd4 Nf6 5. Nc3 d6 6. Bc4 e6 7. Be3 Be7 8. Qe2 O-O 9. O-O-O a6 10. Bb3 Qc7 11. Rhg1 Nd7 12. g4 Nc5 13. g5 b5 14. Kb1 Bd7 15. Qh5 g6 16. Qh6 Rfe8 17. Rg3 Bf8 18. Qh4 Be7 19. Qh6 Bf8 20. Qh4 Be7 21. Qh6 1/2-1/2

[Event "Copenhagen Unibank"]
[Site "Copenhagen"]
[Date "1991.07.29"]
[Round "3"]
[White "Brinck Claussen, Bjorn"]
[Black "Sorensen, Torben N"]
[Result "1/2-1/2"]
[WhiteElo "2390"]
[BlackElo "2280"]
[PlyCount "42"]
[EventDate "1991.07.??"]
[EventType "swiss"]
[EventRounds "9"]
[EventCountry "DEN"]

1. e4 c5 2. Nf3 e6 3. d4 cxd4 4. Nxd4 a6 5. Nc3 Qc7 6. g3 b6 7. Bg2 Bb7 8. O-O d6 9. Qd2 Nd7 10. b3 Ngf6 11. Bb2 Be7 12. Qe2 Rc8 13. Rad1 O-O 14. g4 g6 15. g5 Nh5 16. f4 Rfe8 17. Qf2 e5 18. fxe5 Nxe5 19. h4 Bf8 20. Bh3 Rcd8 21. Nd5 Bxd5 1/2-1/2

[Event "Copenhagen Unibank"]
[Site "Copenhagen"]
[Date "1991.08.01"]
[Round "6"]
[White "Brinck Claussen, Bjorn"]
[Black "Yurtaev, Leonid"]
[Result "0-1"]
[WhiteElo "2390"]
[BlackElo "2525"]
[PlyCount "82"]
[EventDate "1991.07.??"]
[EventType "swiss"]
[EventRounds "9"]
[EventCountry "DEN"]

1. e4 c5 2. Nf3 Nc6 3. d4 cxd4 4. Nxd4 Nf6 5. Nc3 e5 6. Ndb5 d6 7. Bg5 a6 8. Na3 b5 9. Nd5 Be7 10. Bxf6 Bxf6 11. c3 O-O 12. Nc2 Bg5 13. a4 bxa4 14. Rxa4 Bb7 15. Bc4 Na5 16. Bd3 Nb3 17. Ra3 Nc5 18. b4 Bxd5 19. exd5 Nxd3+ 20. Qxd3 e4 21. Qe2 a5 22. b5 Qb6 23. O-O Rfe8 24. c4 g6 25. Rfa1 Ra7 26. Nb4 e3 27. Nc6 Raa8 28. f3 Bf6 29. R1a2 Bd4 30. Rxa5 Rxa5 31. Rxa5 Qc7 32. Ra2 Bc5 33. g3 Qd7 34. Kg2 h5 35. Qd3 Kh7 36. h3 e2 37. Rxe2 Qf5 38. Re4 Ra8 39. Qe2 Ra1 40. h4 Rg1+ 41. Kh2 Rh1+ 0-1

[Event "Copenhagen Unibank"]
[Site "Copenhagen"]
[Date "1991.08.03"]
[Round "8"]
[White "Brinck Claussen, Bjorn"]
[Black "Danielsen, Henrik"]
[Result "1-0"]
[WhiteElo "2390"]
[BlackElo "2405"]
[PlyCount "75"]
[EventDate "1991.07.??"]
[EventType "swiss"]
[EventRounds "9"]
[EventCountry "DEN"]

1. e4 c6 2. d4 d5 3. exd5 cxd5 4. c4 Nf6 5. Nc3 e6 6. Nf3 Be7 7. cxd5 Nxd5 8. Bd3 Nc6 9. O-O O-O 10. Re1 Nf6 11. a3 b6 12. Bc2 Ba6 13. Bg5 Rc8 14. Rc1 Nd5 15. Bxe7 Ncxe7 16. Qd2 Qd6 17. Ne5 Nxc3 18. bxc3 f6 19. Bd3 Bxd3 20. Nxd3 Ng6 21. Qa2 Rfe8 22. Re3 Kh8 23. Qb3 Qc6 24. Nb4 Qd7 25. Rce1 e5 26. Nd3 exd4 27. cxd4 Red8 28. d5 h6 29. Nb4 Nf4 30. Re4 Nxd5 31. Rd4 Re8 32. Rf1 Qb5 33. Qxd5 Qa4 34. Qd7 Qxa3 35. Rg4 g5 36. Qf5 Qc3 37. Nd5 Re1 38. Nxc3 1-0

[Event "Copenhagen Unibank"]
[Site "Copenhagen"]
[Date "1991.08.04"]
[Round "9"]
[White "Bronstein, David"]
[Black "Brinck Claussen, Bjorn"]
[Result "1/2-1/2"]
[WhiteElo "2460"]
[BlackElo "2390"]
[PlyCount "29"]
[EventDate "1991.07.??"]
[EventType "swiss"]
[EventRounds "9"]
[EventCountry "DEN"]

1. e4 e6 2. d4 d5 3. Nd2 c5 4. exd5 exd5 5. Bb5+ Nc6 6. Ngf3 Bd6 7. dxc5 Bxc5 8. O-O Nge7 9. Nb3 Bd6 10. Bg5 O-O 11. Bh4 Bg4 12. Bg3 Bxg3 13. hxg3 Qb6 14. Bxc6 bxc6 15. Qd4 1/2-1/2

[Event "Copenhagen Unibank"]
[Site "Copenhagen"]
[Date "1991.07.27"]
[Round "1"]
[White "Bus, Mariusz"]
[Black "Skousen, Nikolai"]
[Result "1-0"]
[WhiteElo "2415"]
[BlackElo "2245"]
[PlyCount "69"]
[EventDate "1991.07.??"]
[EventType "swiss"]
[EventRounds "9"]
[EventCountry "DEN"]

1. e4 d6 2. d4 Nf6 3. Bd3 g6 4. Nf3 Bg7 5. O-O O-O 6. c3 Nc6 7. b4 a6 8. Nbd2 e5 9. dxe5 Ng4 10. Bb2 Ngxe5 11. Nxe5 Nxe5 12. Be2 Bd7 13. a4 Qe8 14. f4 Nc6 15. Qc2 Qe7 16. Rae1 Rae8 17. Bd3 Qd8 18. b5 axb5 19. axb5 Ne7 20. f5 gxf5 21. exf5 Nd5 22. Ne4 Be5 23. Qd2 Nf6 24. Qh6 Ng4 25. Qh3 Nxh2 26. Rf2 Kh8 27. c4 Bxb2 28. Rxb2 Rxe4 29. Bxe4 Qf6 30. Qxh2 Re8 31. Rbe2 Qd4+ 32. Kh1 f6 33. Qh6 Qxc4 34. Qxf6+ Kg8 35. Bd5+ 1-0

[Event "Copenhagen Unibank"]
[Site "Copenhagen"]
[Date "1991.07.31"]
[Round "5"]
[White "Bus, Mariusz"]
[Black "Hansen, Sune Berg"]
[Result "1-0"]
[WhiteElo "2415"]
[BlackElo "2320"]
[PlyCount "27"]
[EventDate "1991.07.??"]
[EventType "swiss"]
[EventRounds "9"]
[EventCountry "DEN"]

1. e4 c5 2. Nf3 d6 3. d4 cxd4 4. Nxd4 Nf6 5. Nc3 g6 6. Bg5 Bg7 7. Bb5+ Bd7 8. Qe2 Nc6 9. O-O-O h6 10. Bh4 Nxd4 11. Rxd4 g5 12. e5 gxh4 13. exf6 Bxf6 14. Rxd6 1-0

[Event "Copenhagen Unibank"]
[Site "Copenhagen"]
[Date "1991.07.28"]
[Round "2"]
[White "Bus, Mariusz"]
[Black "Malaniuk, Vladimir P"]
[Result "1/2-1/2"]
[WhiteElo "2415"]
[BlackElo "2510"]
[PlyCount "165"]
[EventDate "1991.07.??"]
[EventType "swiss"]
[EventRounds "9"]
[EventCountry "DEN"]

1. e4 e5 2. Nf3 Nc6 3. Bb5 a6 4. Bxc6 dxc6 5. O-O Qd6 6. Na3 Be6 7. Ng5 Bd7 8. Nc4 Qg6 9. f4 f6 10. Nf3 Qxe4 11. d3 Bc5+ 12. Kh1 Qd5 13. fxe5 O-O-O 14. Be3 Ne7 15. Qe2 Ng6 16. Bxc5 Qxc5 17. e6 Be8 18. b4 Qd5 19. Qe3 Kb8 20. Rae1 Ne7 21. Qf4 Bg6 22. Nb6 Qd6 23. Qxd6 Rxd6 24. Nc4 Rdd8 25. Nh4 Rhe8 26. a3 c5 27. bxc5 Rd5 28. g4 Rxc5 29. h3 Kc8 30. Ne3 b5 31. Nhf5 Bxf5 32. gxf5 Re5 33. Kh2 c5 34. Rf4 g6 35. fxg6 Nxg6 36. Rxf6 R8xe6 37. Rxe6 Rxe6 38. Kg3 Kb7 39. Kf3 Re5 40. Rg1 Rh5 41. Rg3 Rh4 42. Ng4 Kb6 43. Ke3 Ka5 44. Nf2 Ka4 45. Kd2 c4 46. dxc4 Rxc4 47. Nd3 Rh4 48. Nc5+ Ka5 49. Nd3 Ra4 50. Nb2 Rd4+ 51. Kc3 Rh4 52. Nd3 Ne7 53. Nb4 Nc8 54. Kb3 Nd6 55. Rf3 Ne4 56. c3 Kb6 57. Kc2 a5 58. Nd3 Kc6 59. Ne5+ Kd5 60. Ng4 Nc5 61. Nf6+ Kd6 62. Ne8+ Kc6 63. Ng7 Re4 64. Nf5 Ne6 65. Re3 Rxe3 66. Nxe3 Nf4 67. h4 Kc5 68. Ng4 a4 69. Nf6 h5 70. Ne4+ Kd5 71. Ng3 Kc4 72. Ne4 Ng2 73. Nd6+ Kd5 74. Nf5 Ne1+ 75. Kd2 Nf3+ 76. Kc2 Ke5 77. Ng3 Nxh4 78. Nxh5 Nf5 79. c4 bxc4 80. Kc3 Ne3 81. Ng3 Kd5 82. Ne2 Kc5 83. Ng3 1/2-1/2

[Event "Copenhagen Unibank"]
[Site "Copenhagen"]
[Date "1991.08.04"]
[Round "9"]
[White "Bus, Mariusz"]
[Black "Warwaszynski, Zbigniew"]
[Result "1-0"]
[WhiteElo "2415"]
[BlackElo "2290"]
[PlyCount "101"]
[EventDate "1991.07.??"]
[EventType "swiss"]
[EventRounds "9"]
[EventCountry "DEN"]

1. e4 e5 2. Nf3 Nc6 3. d4 exd4 4. Nxd4 Bc5 5. Nb3 Bb6 6. Nc3 Nf6 7. Bg5 O-O 8. Bd3 Re8 9. O-O h6 10. Bh4 d6 11. Kh1 Ne5 12. Nd5 g5 13. Nxb6 axb6 14. Bg3 Ng6 15. Nd2 d5 16. exd5 Nxd5 17. Ne4 Ndf4 18. Re1 Nxd3 19. Nf6+ Qxf6 20. Rxe8+ Kg7 21. cxd3 Bg4 22. Qe1 Rxe8 23. Qxe8 Qxb2 24. Qe1 c5 25. Qc1 Qd4 26. Rb1 Qxd3 27. Rb3 Qd5 28. Rxb6 Qxa2 29. Rxb7 Be6 30. h3 Qd5 31. Qb2+ Kh7 32. Kh2 h5 33. f3 c4 34. Rb8 h4 35. Be1 Qd1 36. Qd2 Qa1 37. Qc3 Qa7 38. Rb5 Qe7 39. Qe3 f6 40. Qe4 Qd6+ 41. Kh1 Kg7 42. Bb4 Qa6 43. Rb7+ Bf7 44. Bc3 Kg8 45. Rb8+ Kg7 46. Qd4 Qe6 47. Rb6 Qe5 48. Qd2 Qd5 49. Bxf6+ Kh6 50. Qxd5 Bxd5 51. Rb5 1-0

[Event "Copenhagen Unibank"]
[Site "Copenhagen"]
[Date "1991.08.02"]
[Round "7"]
[White "Bus, Mariusz"]
[Black "Asanov, Bolat"]
[Result "1/2-1/2"]
[WhiteElo "2415"]
[BlackElo "2400"]
[PlyCount "84"]
[EventDate "1991.07.??"]
[EventType "swiss"]
[EventRounds "9"]
[EventCountry "DEN"]

1. e4 d6 2. d4 Nf6 3. Bd3 g6 4. Nf3 Bg7 5. O-O O-O 6. c3 c5 7. h3 Nc6 8. d5 Nb8 9. c4 e5 10. dxe6 fxe6 11. e5 dxe5 12. Nxe5 Nh5 13. Nf3 Nf4 14. Bxf4 Rxf4 15. Nc3 Nc6 16. Qe2 Rxf3 17. gxf3 Qg5+ 18. Kh1 Qh5 19. Kg2 Nd4 20. Qe4 e5 21. Rh1 Bf5 22. Qd5+ Be6 23. Qxb7 Rf8 24. Ne2 Nxf3 25. Ng3 Nh4+ 26. Kg1 Qg5 27. Be4 Qd2 28. Rh2 Rf7 29. Qa8+ Rf8 30. Qc6 Bxc4 31. b3 Rf6 32. Qa8+ Rf8 33. Qc6 Bf7 34. Qxc5 Bh6 35. Qc2 Nf3+ 36. Kg2 Nxh2 37. Qxd2 Bxd2 38. Rd1 Bc3 39. Kxh2 Be6 40. Kg2 Bd4 41. f3 Kg7 42. Ne2 Bc5 1/2-1/2

[Event "Copenhagen Unibank"]
[Site "Copenhagen"]
[Date "1991.07.31"]
[Round "5"]
[White "Danielsen, Henrik"]
[Black "Suba, Mihai"]
[Result "0-1"]
[WhiteElo "2405"]
[BlackElo "2520"]
[PlyCount "98"]
[EventDate "1991.07.??"]
[EventType "swiss"]
[EventRounds "9"]
[EventCountry "DEN"]

1. d4 Nf6 2. Nf3 e6 3. c4 c5 4. e3 d5 5. Nc3 Nc6 6. cxd5 exd5 7. Be2 cxd4 8. Nxd4 Bd6 9. O-O O-O 10. b3 Qe7 11. Ncb5 Bc5 12. Bb2 a6 13. Nxc6 bxc6 14. Nd4 Bd7 15. Rc1 Rfc8 16. Qc2 Bb6 17. Rfd1 a5 18. Nf5 Qe6 19. Nd4 Qe5 20. Nf3 Qe7 21. Ng5 h6 22. Bxf6 Qxf6 23. Qh7+ Kf8 24. Ne4 Qe5 25. Ng3 Ke7 26. Bd3 Rg8 27. Bb1 Rac8 28. Qd3 g6 29. e4 Be6 30. Qa6 Qb8 31. Qe2 Qf4 32. Re1 Rgd8 33. Nf5+ Kf8 34. Qb2 d4 35. g3 Qg4 36. Nh4 d3 37. Qd2 Qg5 38. Nf3 Qh5 39. Nh4 Bh3 40. Rc4 g5 41. e5 Be6 42. Ng2 Qf3 43. Ne3 Bxc4 44. bxc4 Bc5 45. Bxd3 Bb4 46. Qd1 Qxd1 47. Rxd1 Bc5 48. Nf5 Rb8 49. Rd2 a4 0-1

[Event "Copenhagen Unibank"]
[Site "Copenhagen"]
[Date "1991.07.29"]
[Round "3"]
[White "Danielsen, Henrik"]
[Black "Wlodarczyk, Robert"]
[Result "1-0"]
[WhiteElo "2405"]
[BlackElo "2285"]
[PlyCount "63"]
[EventDate "1991.07.??"]
[EventType "swiss"]
[EventRounds "9"]
[EventCountry "DEN"]

1. d4 e6 2. Nf3 Nf6 3. c4 d5 4. Nc3 Be7 5. Bg5 h6 6. Bh4 O-O 7. e3 b6 8. cxd5 Nxd5 9. Bxe7 Qxe7 10. Nxd5 exd5 11. Rc1 Be6 12. Bd3 c5 13. dxc5 bxc5 14. O-O Nd7 15. e4 dxe4 16. Bxe4 Rab8 17. b3 Rfd8 18. Bb1 Rbc8 19. Qe2 Nb6 20. Qe4 g6 21. Qf4 Kh7 22. Rfe1 Rd7 23. h4 Nd5 24. Qg3 Qf6 25. Ne5 Re7 26. h5 Nf4 27. hxg6+ Nxg6 28. Nxg6 fxg6 29. Qd6 Qg5 30. Rc3 Rce8 31. Rxc5 Bf5 32. Rc7 1-0